Statistics for WWE Finshers

Click here to take the quiz!

General Stats

  • This quiz has been taken 600 times
  • The average score is 13 of 15

Answer Stats

Hint Answer % Correct
RKORandy Orton
99%
Rock BottomThe Rock
96%
F-5Brock Lesnar
95%
AAJohn Cena
95%
Sweet Chin MusicShawn Michaels
91%
WMDBig Show
90%
TombstoneThe Undertaker
89%
Sharpshooter (Male)Bret Hart
87%
ShellshockedRyback
82%
Five Star Frog SplashRob Van Dam
81%
Sharpshooter (Female)Natalya
77%
Yes LockDaniel Bryan
77%
Black WidowAJ Lee
67%
Superfly Splash (Male)Jimmy Snuka
64%
Superfly Splash (Female)Tamina
61%

Score Distribution

Percentile by Number Answered

Percent of People with Each Score

Your Score History

You have not taken this quiz